[Event "Oberliga NRW 1617"]
[Site "Germany"]
[Date "2017.05.21"]
[Round "9.6"]
[White "Wagenknecht, Uwe"]
[Black "Ciornei, Dragos"]
[Result "1/2-1/2"]
[WhiteElo "2216"]
[BlackElo "2142"]
[PlyCount "81"]
[EventDate "2016.09.25"]
[EventType "team-tourn"]
[EventRounds "9"]
[EventCountry "GER"]
[SourceTitle "EXT 2020"]
[Source "ChessBase"]
[SourceDate "2019.10.17"]
[SourceVersion "1"]
[SourceVersionDate "2019.10.17"]
[SourceQuality "1"]
[WhiteTeam "Koeln Porz II"]
[BlackTeam "Oberhausen"]
[WhiteTeamCountry "GER"]
[BlackTeamCountry "GER"]

1. Nf3 Nf6 2. c4 g6 3. Nc3 Bg7 4. e4 d6 5. d4 0-0 6. Be2 e5 7. 0-0 Nc6 8. d5 Ne7 9. Bd2 Ne8 10. Rc1 f5 11. exf5 gxf5 12. Qb3 b6 13. Ne1 Ng6 14. Nd3 a5 15. f4 Bh6 16. Qd1 Nxf4 17. Nxf4 Bxf4 18. Bxf4 exf4 19. Qd4 Bd7 20. Rxf4 Ng7 21. Bd3 Qe7 22. Qf2 Rae8 23. Ne2 Qe3 24. Rd1 Rf7 25. Nd4 Rfe7 26. g3 Re5 27. Qxe3 Rxe3 28. Kf2 R3e5 29. Nf3 Re3 30. Rh4 R3e7 31. Ng5 h5 32. Nh3 Kf7 33. Nf4 Rh8 34. Rf1 Kf6 35. Kg2 Re3 36. Rf3 Rxf3 37. Kxf3 Kg5 38. Nh3+ Kf6 39. Nf4 Kg5 40. Nh3+ Kf6 41. Nf4 1/2-1/2

[Event "Oberliga NRW 1617"]
[Site "Germany"]
[Date "2017.03.05"]
[Round "7.7"]
[White "Ciornei, Dragos"]
[Black "Cebulla, Konstantin"]
[Result "1/2-1/2"]
[WhiteElo "2142"]
[BlackElo "2060"]
[PlyCount "55"]
[EventDate "2016.09.25"]
[EventType "team-tourn"]
[EventRounds "9"]
[EventCountry "GER"]
[SourceTitle "EXT 2020"]
[Source "ChessBase"]
[SourceDate "2019.10.17"]
[SourceVersion "1"]
[SourceVersionDate "2019.10.17"]
[SourceQuality "1"]
[WhiteTeam "Oberhausen"]
[BlackTeam "Dinslaken"]
[WhiteTeamCountry "GER"]
[BlackTeamCountry "GER"]

1. e4 e6 2. d4 d5 3. Nd2 Nc6 4. Ngf3 Nf6 5. e5 Nd7 6. Bb5 a6 7. Bxc6 bxc6 8. c4 c5 9. cxd5 exd5 10. 0-0 Be7 11. Nb3 c6 12. Bd2 0-0 13. dxc5 f6 14. e6 Nxc5 15. Nxc5 Bxc5 16. Qc2 Bd6 17. Qxc6 Bxe6 18. Nd4 Bf7 19. Bc3 Qb8 20. h3 Rc8 21. Qd7 Ra7 22. Qg4 h5 23. Qf3 Be5 24. Rad1 Rac7 25. Rfe1 Rc4 26. Rd3 Qb6 27. Red1 Kh8 28. R3d2 1/2-1/2

[Event "Oberliga NRW 1617"]
[Site "Germany"]
[Date "2017.01.22"]
[Round "5.7"]
[White "Ciornei, Dragos"]
[Black "Bruchmann, Norbert"]
[Result "1/2-1/2"]
[WhiteElo "2142"]
[BlackElo "2103"]
[PlyCount "60"]
[EventDate "2016.09.25"]
[EventType "team-tourn"]
[EventRounds "9"]
[EventCountry "GER"]
[SourceTitle "EXT 2020"]
[Source "ChessBase"]
[SourceDate "2019.10.17"]
[SourceVersion "1"]
[SourceVersionDate "2019.10.17"]
[SourceQuality "1"]
[WhiteTeam "Oberhausen"]
[BlackTeam "Ennepe Ruhr Sued"]
[WhiteTeamCountry "GER"]
[BlackTeamCountry "GER"]

1. e4 e6 2. d4 d5 3. Nd2 Nf6 4. e5 Nfd7 5. c3 c5 6. Bd3 b6 7. Ne2 Ba6 8. Bxa6 Nxa6 9. Nf4 Be7 10. a3 Nc7 11. Qg4 g6 12. h4 h5 13. Qg3 Nb8 14. Nf3 Nc6 15. Ne2 Qd7 16. Bg5 Bxg5 17. Qxg5 Ne7 18. 0-0 c4 19. Ng3 0-0-0 20. Qf4 Nc6 21. Ng5 Rdf8 22. Rfe1 Na5 23. Rad1 b5 24. Re3 Nc6 25. Rf3 Nd8 26. Qe3 Ne8 27. Rf4 Ng7 28. Rf6 Ne8 29. Rf4 Ng7 30. Rf6 Ne8 1/2-1/2

[Event "Oberliga NRW 1617"]
[Site "Germany"]
[Date "2016.12.11"]
[Round "4.7"]
[White "Lenaerts, Lennert"]
[Black "Ciornei, Dragos"]
[Result "1-0"]
[WhiteElo "2279"]
[BlackElo "2142"]
[PlyCount "75"]
[EventDate "2016.09.25"]
[EventType "team-tourn"]
[EventRounds "9"]
[EventCountry "GER"]
[SourceTitle "EXT 2020"]
[Source "ChessBase"]
[SourceDate "2019.10.17"]
[SourceVersion "1"]
[SourceVersionDate "2019.10.17"]
[SourceQuality "1"]
[WhiteTeam "Aachen Aufwaerts II"]
[BlackTeam "Oberhausen"]
[WhiteTeamCountry "GER"]
[BlackTeamCountry "GER"]

1. d4 g6 2. c4 Bg7 3. e4 d6 4. Nc3 Nf6 5. h3 0-0 6. Be3 e5 7. d5 a5 8. c5 Na6 9. cxd6 cxd6 10. Rc1 Bd7 11. Nf3 Rc8 12. Bxa6 bxa6 13. 0-0 a4 14. Qd3 Qa5 15. Nd2 Rc7 16. Nc4 Qb4 17. Nb6 Bb5 18. Nxb5 Rxc1 19. Rxc1 axb5 20. a3 Qxe4 21. Qxb5 Rb8 22. Qc4 Qf5 23. Qxa4 e4 24. Qc6 Bf8 25. Bd4 e3 26. fxe3 Qg5 27. Rf1 Be7 28. a4 Ne4 29. a5 Nd2 30. Rf2 Ne4 31. Rf4 Ng3 32. Qc4 Qh5 33. Rf3 Nf5 34. a6 Nh4 35. Rf2 Qd1+ 36. Qf1 Qb3 37. a7 Rxb6 38. Rxf7 1-0

[Event "Oberliga NRW 1617"]
[Site "Germany"]
[Date "2016.10.23"]
[Round "2.7"]
[White "Bonnmann, Reinhard"]
[Black "Ciornei, Dragos"]
[Result "1/2-1/2"]
[WhiteElo "2272"]
[BlackElo "2142"]
[PlyCount "43"]
[EventDate "2016.09.25"]
[EventType "team-tourn"]
[EventRounds "9"]
[EventCountry "GER"]
[SourceTitle "EXT 2020"]
[Source "ChessBase"]
[SourceDate "2019.10.17"]
[SourceVersion "1"]
[SourceVersionDate "2019.10.17"]
[SourceQuality "1"]
[WhiteTeam "Koeln SF"]
[BlackTeam "Oberhausen"]
[WhiteTeamCountry "GER"]
[BlackTeamCountry "GER"]

1. d4 Nf6 2. c4 g6 3. Nc3 Bg7 4. e4 0-0 5. Nf3 d6 6. Be2 Nbd7 7. 0-0 e5 8. Be3 exd4 9. Nxd4 Re8 10. f3 c6 11. Nc2 Nb6 12. Bf2 Be6 13. Na3 d5 14. exd5 cxd5 15. c5 Nc4 16. Nxc4 dxc4 17. Qa4 Nd5 18. Bxc4 Nxc3 19. bxc3 Bxc3 20. Rad1 Qa5 21. Qxa5 Bxa5 22. Bxe6 1/2-1/2

[Event "Dortmund Sparkassen op-A 44th"]
[Site "Dortmund"]
[Date "2016.07.17"]
[Round "9"]
[White "Meyers, Mark"]
[Black "Ciornei, Dragos"]
[Result "1-0"]
[WhiteElo "2074"]
[BlackElo "2183"]
[PlyCount "83"]
[EventDate "2016.07.09"]
[EventType "swiss"]
[EventRounds "9"]
[EventCountry "GER"]
[SourceTitle "CBM 173 Extra"]
[Source "ChessBase"]
[SourceDate "2016.08.29"]
[SourceVersion "1"]
[SourceVersionDate "2016.08.29"]
[SourceQuality "1"]

1. c4 Nf6 2. g3 g6 3. Bg2 Bg7 4. Nc3 0-0 5. Nf3 d6 6. 0-0 e5 7. d4 Nbd7 8. e4 exd4 9. Nxd4 Re8 10. Re1 c6 11. h3 a5 12. f4 Nc5 13. Kh2 Nfd7 14. Be3 a4 15. Rb1 Qa5 16. Nde2 f5 17. Bd4 fxe4 18. Bxg7 Kxg7 19. Qxd6 Nd3 20. Qd4+ Kg8 21. Red1 Qc5 22. Nxe4 Qxd4 23. Nxd4 N3c5 24. Nd6 Rd8 25. Bxc6 bxc6 26. Nxc6 Rf8 27. Nxc8 Rfxc8 28. Ne7+ Kf7 29. Nxc8 Rxc8 30. b4 axb3 31. axb3 Nf6 32. b4 Nce4 33. Rd4 Ra8 34. Rb2 Ra3 35. g4 Ng3 36. b5 h5 37. g5 Nfe4 38. b6 Nf1+ 39. Kg1 Ra1 40. Rxe4 Nd2+ 41. Kg2 Nxe4 42. b7 1-0

[Event "Dortmund Sparkassen op-A 44th"]
[Site "Dortmund"]
[Date "2016.07.16"]
[Round "8"]
[White "Ciornei, Dragos"]
[Black "Zolfagharian, Kevin"]
[Result "1/2-1/2"]
[WhiteElo "2183"]
[BlackElo "2130"]
[PlyCount "53"]
[EventDate "2016.07.09"]
[EventType "swiss"]
[EventRounds "9"]
[EventCountry "GER"]
[SourceTitle "CBM 173 Extra"]
[Source "ChessBase"]
[SourceDate "2016.08.29"]
[SourceVersion "1"]
[SourceVersionDate "2016.08.29"]
[SourceQuality "1"]

1. e4 c5 2. Nf3 Nc6 3. d4 cxd4 4. Nxd4 Nf6 5. Nc3 d6 6. Bc4 e6 7. Be3 Be7 8. Bb3 a6 9. Qe2 0-0 10. f4 Qc7 11. f5 Nxd4 12. Bxd4 exf5 13. exf5 Bxf5 14. 0-0 Bg6 15. Rae1 Bd8 16. Kh1 Qd7 17. h3 Nh5 18. Rf3 Bh4 19. Bf2 Rae8 20. Re3 Rxe3 21. Qxe3 Qd8 22. Nd5 Qg5 23. Bxh4 Qxh4 24. Kh2 Nf6 25. Nxf6+ Qxf6 26. c3 h6 27. Kg1 1/2-1/2

[Event "Dortmund Sparkassen op-A 44th"]
[Site "Dortmund"]
[Date "2016.07.14"]
[Round "6"]
[White "Ciornei, Dragos"]
[Black "Schulze, Marc Andre"]
[Result "1/2-1/2"]
[WhiteElo "2183"]
[BlackElo "2099"]
[PlyCount "45"]
[EventDate "2016.07.09"]
[EventType "swiss"]
[EventRounds "9"]
[EventCountry "GER"]
[SourceTitle "CBM 173 Extra"]
[Source "ChessBase"]
[SourceDate "2016.08.29"]
[SourceVersion "1"]
[SourceVersionDate "2016.08.29"]
[SourceQuality "1"]

1. e4 c5 2. Nf3 g6 3. d4 cxd4 4. Nxd4 Bg7 5. Nc3 Nc6 6. Be3 Nf6 7. Bc4 Qa5 8. 0-0 0-0 9. Bb3 d6 10. h3 Bd7 11. Re1 Rfe8 12. Qe2 Rac8 13. Rad1 a6 14. Nd5 Nxd5 15. exd5 Nxd4 16. Bxd4 Ba4 17. Bxg7 Kxg7 18. c3 Bxb3 19. axb3 Qc5 20. Rd4 e5 21. dxe6 Rxe6 22. Qd2 Rce8 23. Rxe6 1/2-1/2

[Event "Dortmund Sparkassen op-A 44th"]
[Site "Dortmund"]
[Date "2016.07.11"]
[Round "3"]
[White "Pap, Misa"]
[Black "Ciornei, Dragos"]
[Result "1-0"]
[WhiteElo "2487"]
[BlackElo "2183"]
[PlyCount "59"]
[EventDate "2016.07.09"]
[EventType "swiss"]
[EventRounds "9"]
[EventCountry "GER"]
[SourceTitle "CBM 173 Extra"]
[Source "ChessBase"]
[SourceDate "2016.08.29"]
[SourceVersion "1"]
[SourceVersionDate "2016.08.29"]
[SourceQuality "1"]

1. e4 e5 2. Nf3 Nc6 3. Bc4 Nf6 4. d4 exd4 5. e5 d5 6. Bb5 Ne4 7. Nxd4 Bd7 8. Bxc6 bxc6 9. 0-0 Be7 10. f3 Nc5 11. f4 Ne4 12. Nd2 Nxd2 13. Bxd2 c5 14. Ne2 0-0 15. f5 f6 16. e6 Bb5 17. Rf3 d4 18. Nf4 Bd6 19. Rh3 Qe8 20. Qg4 Bxf4 21. Bxf4 g5 22. Bxc7 Qc6 23. Be5 Qb7 24. Bd6 Rfd8 25. Bxc5 Rac8 26. e7 Re8 27. Qxd4 Qc6 28. b4 Ba6 29. Re1 Bb7 30. Rg3 1-0

[Event "Oberliga NRW 1516"]
[Site "Germany"]
[Date "2015.09.27"]
[Round "1.7"]
[White "Ciornei, Dragos"]
[Black "Kaehmann, Joerg"]
[Result "1-0"]
[WhiteElo "2133"]
[BlackElo "2181"]
[PlyCount "57"]
[EventDate "2015.09.27"]
[EventType "team-tourn"]
[EventRounds "9"]
[EventCountry "GER"]
[SourceTitle "EXT 2017"]
[Source "ChessBase"]
[SourceDate "2016.10.25"]
[SourceVersion "1"]
[SourceVersionDate "2016.10.25"]
[SourceQuality "1"]
[WhiteTeam "Oberhausen"]
[BlackTeam "Wattenscheid"]
[WhiteTeamCountry "GER"]
[BlackTeamCountry "GER"]

1. e4 c5 2. Nf3 Nc6 3. d4 cxd4 4. Nxd4 Qb6 5. Nb3 Nf6 6. Nc3 e6 7. Bd3 a6 8. 0-0 Qc7 9. f4 d6 10. Qe2 b5 11. a3 Be7 12. Bd2 0-0 13. Kh1 Re8 14. Rae1 Nd7 15. Qh5 b4 16. axb4 Nxb4 17. Nb5 axb5 18. Bxb4 Bb7 19. Bxb5 Bxe4 20. Rxe4 Nf6 21. Qe2 Reb8 22. Rd4 Nd5 23. Rxd5 exd5 24. Bc3 Bf8 25. Bd3 g6 26. f5 Ra4 27. fxg6 hxg6 28. Bxg6 fxg6 29. Qe6+ 1-0

[Event "Barcelona Sants op 17th"]
[Site "Barcelona"]
[Date "2015.08.25"]
[Round "5"]
[White "Ciornei, Dragos"]
[Black "Ramirez Garcia, Jorge Alberto"]
[Result "1/2-1/2"]
[WhiteElo "2136"]
[BlackElo "2321"]
[PlyCount "81"]
[EventDate "2015.08.21"]
[EventType "swiss"]
[EventRounds "10"]
[EventCountry "ESP"]
[SourceTitle "EXT 2016"]
[Source "ChessBase"]
[SourceDate "2015.10.08"]
[SourceVersion "1"]
[SourceVersionDate "2015.10.08"]
[SourceQuality "1"]

1. e4 e6 2. d4 d5 3. Nd2 c5 4. Ngf3 Nc6 5. exd5 exd5 6. Bb5 Qe7+ 7. Be2 Qc7 8. 0-0 Nf6 9. Re1 Be6 10. Bb5 Qb6 11. a4 cxd4 12. Nb3 Bb4 13. Bd2 Bxd2 14. Qxd2 0-0 15. Nfxd4 Rae8 16. a5 Qc7 17. f3 Bd7 18. Bxc6 bxc6 19. Nc5 h6 20. Qc3 Rc8 21. Re7 Rfe8 22. Rae1 Qd6 23. Rxe8+ Nxe8 24. b4 Nf6 25. Qe3 Kf8 26. Qe5 Qxe5 27. Rxe5 Be8 28. Kf2 Nd7 29. Nxd7+ Bxd7 30. Nb3 Be8 31. Ke1 f6 32. Re2 Bg6 33. Kd2 Re8 34. Rxe8+ Kxe8 35. c3 Kd7 36. Ke3 Kd6 37. Kd4 Bf5 38. g4 Bc2 39. Nc5 Bd1 40. Ke3 g5 41. Nb7+ 1/2-1/2

[Event "Barcelona Sants op 17th"]
[Site "Barcelona"]
[Date "2015.08.22"]
[Round "2"]
[White "Carstensen, Jacob"]
[Black "Ciornei, Dragos"]
[Result "1-0"]
[WhiteElo "2336"]
[BlackElo "2136"]
[PlyCount "89"]
[EventDate "2015.08.21"]
[EventType "swiss"]
[EventRounds "10"]
[EventCountry "ESP"]
[SourceTitle "EXT 2016"]
[Source "ChessBase"]
[SourceDate "2015.10.08"]
[SourceVersion "1"]
[SourceVersionDate "2015.10.08"]
[SourceQuality "1"]

1. d4 Nf6 2. c4 g6 3. Nc3 Bg7 4. e4 0-0 5. Nf3 d6 6. Be2 e5 7. Be3 exd4 8. Nxd4 Re8 9. f3 c6 10. Qd2 d5 11. exd5 cxd5 12. c5 a6 13. 0-0 Nc6 14. Bf2 Be6 15. Rad1 Nd7 16. Nxc6 bxc6 17. Na4 a5 18. Rfe1 Qb8 19. b3 Be5 20. g3 h5 21. Bd3 h4 22. Kg2 Kg7 23. Nb6 Ra7 24. Bc2 h3+ 25. Kg1 Qd8 26. Nxd7 Bxd7 27. Rxe5 Rxe5 28. Bd4 f6 29. Bxe5 fxe5 30. Re1 Qe7 31. Qc3 d4 32. Qxd4 exd4 33. Rxe7+ Kf6 34. Rh7 Rb7 35. Kf2 Bc8 36. Rxb7 Bxb7 37. Be4 g5 38. f4 Ba6 39. fxg5+ Kxg5 40. Bxc6 Kf6 41. Bd7 Ke5 42. Ke1 Kd5 43. c6 Bb5 44. Bxh3 Kxc6 45. Bf1 1-0